000 00440nam a2200145 i 4500
001 75463
003 ES-MaACL
005 20230906172449.0
007 t|
008 040924s1912 sp ||||1| spa d
100 1 _aGranados, Gregorio.
_959559
245 1 0 _aPáginas sueltas sobre Guinea Ecuatorial
_b: colección de artículos /
_cpublicados por Gregorio Granados.
260 _aBarcelona :
_b[s.n.,
_c1912]
852 _aES-MaACL
_jT-1340-F-4
999 _c75463
_d75463